| 000 | 00537nam a22001937a 4500 | ||
|---|---|---|---|
| 005 | 20251108173200.0 | ||
| 008 | 250721s2005 xx 000 0 ara d | ||
| 082 | 1 | 4 | _a616.462/رضو |
| 100 | 1 | _aرضوان، محمود | |
| 245 | 1 | 0 | _aمرض السكر الوقاية . الغذاء .العلاج / |
| 264 | 1 |
_aالقاهرة : _bدار الهلال، _c2005. |
|
| 300 | _a167 ص | ||
| 490 | _v58 | ||
| 650 | 1 | 7 | _aمرض السكري |
| 650 | 1 | 7 | _aالأمراض |
| 650 | 1 | 7 | _aالعلاج |
| 942 |
_2ddc _cBK |
||
| 999 |
_c97944 _d97944 |
||